| 000 | 00978nam0a2200301 i 4500 | ||
|---|---|---|---|
| 001 | RU\NLR\bibl\2043941 | ||
| 005 | 20240723103850.0 | ||
| 010 |
_a9785912825460 _bЛеда |
||
| 010 |
_a978-5-906205-63-6 _bАлфея _97000 |
||
| 021 |
_aRU _b2013-38029 _92612 |
||
| 035 | _a(NLR Aleph) 002031177 | ||
| 090 |
_a4551231 _c4551231 |
||
| 100 | _a20130617d2013 b y0rusy50 ca | ||
| 101 | 0 | _arus | |
| 102 | _aRU | ||
| 105 | _aa ||||||||| | ||
| 200 | 1 |
_aПро зверят _e[для чтения взрослыми детям дошкольного возраста _fЕ. Аксаментова] |
|
| 210 |
_aСмоленск _cЛеда _d2013 |
||
| 215 |
_a[10] с. _cцв. ил. _d14 |
||
| 225 | 1 | _aСерия "Веселые глазки" | |
| 300 | _aАвт. указан на с. [10] | ||
| 333 | _a0+ | ||
| 700 | 1 |
_aАксаментова _bЕ. _4070 |
|
| 801 | 0 |
_aRU _bNLR _c20130617 _gRCR |
|
| 801 | 1 |
_aRU _bNLR _c20130617 |
|
| 942 | _cBOOK | ||
| 980 | _aNBR | ||